000 01281 a2200241 4500
005 20080912153320.0
008 080912t xxu||||| |||| 00| 0 hin d
010 _aHIN-80799
020 _a8185999589
_c295.00
035 _aHN-53145
037 _bD.B.Act / ven
082 _a363.73
100 _aतिवारी, सुरेश
245 _aइस्पात एवं पर्यावरण परिष्करण
_cसुरेश तिवारी
246 _aIspat anvm paryavarn parishkarn
_bby-Suresh tiwari
260 _aनई दिल्ली
_bस्वराज प्रकाशन
_c2007
260 _aभोपाल
_bमनोरमा प्रकाशन(वितरक)
_c2007
270 _a4697/3, 21ए, अंसारी रोड, दरियागंज
_bनई दिल्ली
_e110002
_k23281655,27051931
270 _a179/9ए,साकेत नगर
_bभोपाल
_e-24
300 _a136पृ
_c23 सेमी (सजिल्द)
942 _adpl
_cHN
_k363.73 / तिवारी
_2ddc
_h363.73
_mतिवारी
999 _c7102
_d7102